<?xml version="1.0" encoding="UTF-8"?>
<record
    xmlns:xsi="http://www.w3.org/2001/XMLSchema-instance"
    xsi:schemaLocation="http://www.loc.gov/MARC21/slim http://www.loc.gov/standards/marcxml/schema/MARC21slim.xsd"
    xmlns="http://www.loc.gov/MARC21/slim">

  <leader>01226nam a22002537i 4500</leader>
  <datafield tag="999" ind1=" " ind2=" ">
    <subfield code="c">23023</subfield>
    <subfield code="d">23023</subfield>
  </datafield>
  <controlfield tag="003">AR-CdUCM</controlfield>
  <controlfield tag="008">240909b20162016 pe||||| |||| 00| 0 spa d</controlfield>
  <datafield tag="020" ind1=" " ind2=" ">
    <subfield code="a">978-612-304-499-2</subfield>
  </datafield>
  <datafield tag="040" ind1=" " ind2=" ">
    <subfield code="a">MUNICIPALIDAD PROVINCIAL DEL CUSCO</subfield>
    <subfield code="c">BIBLIOTECA MUNICIPAL DEL CUSCO</subfield>
  </datafield>
  <datafield tag="082" ind1=" " ind2=" ">
    <subfield code="a">	615.8202 / P17P</subfield>
    <subfield code="b">P17P</subfield>
  </datafield>
  <datafield tag="100" ind1=" " ind2=" ">
    <subfield code="a">Pariazam&#xE1;n Guevara, Roosvell</subfield>
  </datafield>
  <datafield tag="245" ind1=" " ind2=" ">
    <subfield code="a">Prescripci&#xF3;n del ejercicio f&#xED;sico :</subfield>
    <subfield code="b">c&#xF3;mo dise&#xF1;ar un programa de entrenamiento f&#xED;sico en personas saludables /</subfield>
  </datafield>
  <datafield tag="260" ind1=" " ind2=" ">
    <subfield code="a">Lima</subfield>
    <subfield code="b">Editoral Macro</subfield>
    <subfield code="c">2016</subfield>
  </datafield>
  <datafield tag="300" ind1=" " ind2=" ">
    <subfield code="a"> 598 P&#xE1;ginas. :</subfield>
    <subfield code="c">25 cm</subfield>
  </datafield>
  <datafield tag="505" ind1=" " ind2=" ">
    <subfield code="a">Ejercicio terap&#xE9;utico -- Principios b&#xE1;sicos para la periodizaci&#xF3;n y programaci&#xF3;n de la carga de entrenamiento f&#xED;sico -- Prescripci&#xF3;n del ejercicio f&#xED;sico aer&#xF3;bico-cardiovascular -- Prescripci&#xF3;n del ejercicio f&#xED;sico para las capacidades musculares -- Prescripci&#xF3;n del ejercicio f&#xED;sico para el entrenamiento de la flexibilidad -- Casos de aplicaci&#xF3;n integral.</subfield>
  </datafield>
  <datafield tag="650" ind1=" " ind2=" ">
    <subfield code="a">Ejercicio f&#xED;sico </subfield>
    <subfield code="9">50302</subfield>
  </datafield>
  <datafield tag="650" ind1=" " ind2=" ">
    <subfield code="a">Entrenamiento f&#xED;sico</subfield>
    <subfield code="9">50303</subfield>
  </datafield>
  <datafield tag="650" ind1=" " ind2=" ">
    <subfield code="a">Ejercicio aer&#xF3;bico</subfield>
    <subfield code="9">50304</subfield>
  </datafield>
  <datafield tag="650" ind1=" " ind2=" ">
    <subfield code="a">Fitness muscular</subfield>
    <subfield code="9">50305</subfield>
  </datafield>
  <datafield tag="650" ind1=" " ind2=" ">
    <subfield code="a">Flexibilidad</subfield>
    <subfield code="9">50306</subfield>
  </datafield>
  <datafield tag="942" ind1=" " ind2=" ">
    <subfield code="2">ddc</subfield>
    <subfield code="c">LIBROS</subfield>
  </datafield>
  <datafield tag="945" ind1=" " ind2=" ">
    <subfield code="a">pbj</subfield>
    <subfield code="d">2024-09-09</subfield>
  </datafield>
</record>
